000 00719nam a2200229 a 4500
999 _c11056
_d11056
001 11056
003 BD-JhCC
005 20220518134021.0
008 190627b 2018bg |||| ||a| 000 0 ben d
020 _a9789848055427
035 _a(BD-JhCC)11056
040 _aBD-JhCC
_dBD-JhCC
041 _aben
082 _a891.443
_bASL 2018
100 _aআসলাম, সুমন্ত
245 _aযখন প্রজাপতি মন /
_cসুমন্ত আসলাম ।
260 _aঢাকাঃ
_bপার্ল পাবলিকেশন্স;
_c২০১৮.
300 _a৩৩১ পৃঃ . :
_c২২ সেমি.
650 _aBeangali Novel
942 _2ddc
_cBK
_05